Statistics for liv and maddie quiz

Click here to take the quiz!

General Stats

  • This quiz has been taken 819 times
  • The average score is 8 of 15

Answer Stats

HintAnswer% Correct
Older twin's nameliv
100%
younger twin's namemaddie
99%
oldest brother's namejoey
93%
youngest brother's nameparker
93%
The last name of themRooney
82%
mom's namekaren
77%
maddie"s boyfriend's nameDIggie
73%
What is maddie's best friend's namewillow
72%
dad"s namePete
55%
What school do they go to in LABOOMS
29%
what is their aunts namedena
23%
What school do they go to in wisconsinridgewood highschool
13%
who is rubythe children's cousin
1%
What is the twin's most prised possesstionThe sisters by chance friends by choice poster
1%
Why do they move to LAbecase joey destroyed there wisconsin house
0%

Score Distribution

Percentile by Number Answered

Percent of People with Each Score

Your Score History

You have not taken this quiz